The Legend of Zelda A-Z: Hard Difficulty - Statistics

General Stats
  • This quiz has been taken 17 times
  • The average score is 10 of 26
Answer Stats
Letter Hint Answer % Correct
U Old man who helps Link on Koholint Island vie telephone Ulrira
60%
X Breath of the Wild DLC crossover series Xenoblade Chronicles 2
60%
A First boss in the series Aquamentus
50%
L Lead singer of the Indigo-go’s Lulu
50%
Q Medallion given to Link by the catfish at the Lake of Ill Omen Quake Medallion
50%
R Mask that indicates membership of Clocktown’s Milk Bar Romani’s Mask
50%
S Tool that alerts Link to the presence of nearby secrets Stone/Shard of Agony
50%
G Boomerang-wielding enemies that can sometimes get grumbly Goriya
40%
H Flower adored by Christine of Animal Village Hibiscus
40%
I Daughter of Mayor Bo of Ordon Village and close friend of Link Ilia
40%
J Purah’s young assistant at Lookout Landing Josha
40%
N Ancient monster from the void that predates Hyrule Null
40%
O General of Darkness who kidnaps Din Onox
40%
P Sword of legend that is eventually remade into the Four Sword Picori Blade
40%
V Gerudo Town class that teaches girls how to approach boys Voe and You
40%
Y Evil sorcerer advisor to Princess Hilda of Lorule Yuga
40%
Z Small blob creature that may split into two smaller halves Zol
40%
D King of the flooded Hyrule beneath the Great Sea Daphnes Nohansen Hyrule
30%
F Sky island hosting Dodoh’s High Dive game Fun Fun Island
30%
T Lizard-like inhabitant of Crescent Island Tokay
30%
C Mercay Island fairy suffering from memory loss Ciela
20%
E Single-edged Sheikah sword Eightfold Blade
20%
K Forest creatures that are part plant and part animal Kikwi
20%
M Harbor town where Link learns the Fairy Spell Mido
20%
W Propeller-like item that shoots gusts of winds Whirlwind
20%
B Automated trap found in dungeons Blade Trap
10%
No matching quizzes found
Score Distribution
Percent of People with Each Score
Percentile by Number Answered
Your Score History
You have not taken this quiz